| 000 | 01735cam a22003974i 4500 | ||
|---|---|---|---|
| 003 | PE-LiUPU | ||
| 005 | 20250731184548.0 | ||
| 008 | 150625s r 000 0 d | ||
| 035 | _a(Sirsi) a32515 | ||
| 040 |
_aPE-LiUPU _bspa _cPE-LiUPU _erda |
||
| 082 | 0 | 4 |
_a980.02 _bSH/ G82 _221 |
| 100 | 1 |
_aGrigulevich, Losif, _eautor. |
|
| 245 | 1 | 0 | _aLuchadores por la libertad de America Latina. |
| 264 | 1 |
_aMoscú : _bProgreso, _c1988. |
|
| 336 |
_atext _2rdacontent |
||
| 337 |
_aunmediated _2rdamedia |
||
| 338 |
_avolume _2rdacarrier |
||
| 505 | 0 | _aIntroducción. - Tupac Amaru.Gran rebelde, Tiradentes ,adelantado de la independencia de Brasil, Toussaint L'Ouverture, Francisco de Miranda: Precursor, Simon Bolivar, Artigas jefe de uruguayos libres, Francisco Morazán Hidalgo, Morelos,Minas, héroes de la guerra, Benito Juárez, José Martí, el insurrecto, Zapata y Villa,Recabarren, Mariátegui, Mella, Sandino: Gral. de hombres libres, Ernesto Che Guevara, Cárdenas, Salvador Allende, Carlos Fonseca, Marinello, El arzobispo Romero, Omar Torrillos. | |
| 526 | _aP136 | ||
| 526 | _aP135 | ||
| 526 | _aP134 | ||
| 526 | _aP133 | ||
| 526 | _aP144 | ||
| 526 | _aP143 | ||
| 526 | _aP87 | ||
| 526 | _aP35 | ||
| 526 | _aP20 | ||
| 526 | _aP14 | ||
| 526 | _aP10 | ||
| 526 | _aP06 | ||
| 942 |
_2ddc _cBOOK |
||
| 949 |
_a980.02 SH/ G82 _wDEWEY _c1 _i36883 _lCCODEBUL1 _mBUL _p00.00 _r0 _sY _tBOOK _u2015-06-25 _xBIBLIOTECA _zUNKNOWN _0COMPRA _o.STAFF. Colección General |
||
| 596 | _a1 | ||
| 999 |
_a980.02 SH/ G82 _wDEWEY _c40176 _i36883 _d40176 _e2017-10-31 _f2021-11-9 _g5 _lCCODEBUL1 _mBUL _n2 _q1 _r0 _sY _tBOOK _u2015-6-25 _xEDUCACION _zUNKNOWN _0COMPRA _o.STAFF. Colección General |
||
| 980 |
_81 _gALBERTO SANCHEZ Responsable de Automatización |
||